000 00574cam a2200181 a 4500
001 000025441
005 20200930023806.0
008 901219s2002 xxu 000 | spa d
020 _a0743448200
040 _aDO-SdBNP
_bspa
_cBNPHU
082 _axxx
_bP784
245 1 4 _aLas oraciones privadas del Papa Juan Pablo II :
_buna invitación a la oración /
_ctraducción Mercedes Lamamié.
260 _aNueva York :
_bAtria Books,
_c2002.
300 _ax, 289 p. ;
_c21 cm.
700 1 _aPablo, Juan,
_cPapa
_952046
700 1 _aLamamié, Mercedes
_etr.
_952047
049 _aBNGR
999 _c24933
_d24933